000 01611cam a2200349Li 4500
001 historyofyiddish00lipt
003 CaSfIA
005 20210118100418.0
007 cr||||
008 740101s1972 xx 000 0 und d
040 _aBDF
_bfre
_cBDF
_dCaSfIA
015 _a57401219
_2bnf
016 7 _aFRBNF35440484000000X
_2FrPBN
020 _a0824601246
020 _a9780824601249
035 _a(OCoLC)463523232
100 1 _aLiptzin, Sol.
_4aut
245 1 2 _aA History of Yiddish literature /
_h[electronic resource]
_cSol Liptzin.
260 _aMiddle Village :
_bN.Y. :
_bJonathan David publ.,
_c[cop. 1972]
300 _aX-521 p. ;
_c24 cm.
500 _aBibliogr. p. 501 à 507. Index.
856 4 2 _3Notice et cote du catalogue de la Bibliothèque nationale de France
_uhttp://catalogue.bnf.fr/ark:/12148/cb35440484j
856 4 1 _uhttp://www.archive.org/details/historyofyiddish00lipt
_zFree eBook from the Internet Archive
856 4 2 _uhttp://www.openlibrary.org/books/OL24382510M
_zAdditional information and access via Open Library
886 1 _2intermrc
_a009
_bax-x---------------
886 2 _2intermrc
_a917
_b--
_oOPL
_a01291935X
886 2 _2intermrc
_a918
_b--
_oOPL
_a00019185
_bMON013
886 2 _2intermrc
_a919
_b--
_pFR
_oNCG
_aN0607900000
942 _cEB
506 _fНеобхідна авторизація на https://archive.org/ (створення облікового запису безкоштовно)
506 _fНеобхідна авторизація на https://openlibrary.org/ (створення облікового запису безкоштовно)
999 _c507054
_d507054